Goa re-discovered. (Record no. 83334)
[ view plain ]
| 000 -LEADER | |
|---|---|
| fixed length control field | 00752cam a22002531 4500 |
| 001 - CONTROL NUMBER | |
| control field | sa 68010110 |
| 003 - CONTROL NUMBER IDENTIFIER | |
| control field | DLC |
| 005 - DATE AND TIME OF LATEST TRANSACTION | |
| control field | 20260227112550.0 |
| 008 - FIXED-LENGTH DATA ELEMENTS--GENERAL INFORMATION | |
| fixed length control field | 790806s1967 ii bch b 000 0 eng |
| 010 ## - LIBRARY OF CONGRESS CONTROL NUMBER | |
| LC control number | sa 68010110 |
| 025 ## - OVERSEAS ACQUISITION NUMBER | |
| Overseas acquisition number | PL480:I-E-9466 |
| 035 ## - SYSTEM CONTROL NUMBER | |
| System control number | (OCoLC)5242875 |
| 040 ## - CATALOGING SOURCE | |
| Original cataloging agency | DLC |
| Transcribing agency | MH |
| Modifying agency | DLC |
| 041 0# - LANGUAGE CODE | |
| Language code of text/sound track or separate title | engmar |
| 050 00 - LIBRARY OF CONGRESS CALL NUMBER | |
| Classification number | DS498 |
| Item number | .P74 |
| 082 00 - DEWEY DECIMAL CLASSIFICATION NUMBER | |
| Classification number | 954/.799 |
| 100 1# - MAIN ENTRY--PERSONAL NAME | |
| Personal name | Priolkar, Anant Kakba. |
| 245 10 - TITLE STATEMENT | |
| Title | Goa re-discovered. |
| 260 ## - PUBLICATION, DISTRIBUTION, ETC. | |
| Place of publication, distribution, etc. | Bombay; |
| Name of publisher, distributor, etc. | [chief distributors: Bhatkal Books International] |
| Date of publication, distribution, etc. | 1967. |
| 300 ## - PHYSICAL DESCRIPTION | |
| Extent | viii, 137 p. |
| Other physical details | facsims., map, ports. |
| Dimensions | 22 cm. |
| 504 ## - BIBLIOGRAPHY, ETC. NOTE | |
| Bibliography, etc. note | Bibliographical footnotes. |
| 500 ## - GENERAL NOTE | |
| General note | Contains extracts from 17th century Christian books in Marathi with romanization. |
| 651 #0 - SUBJECT ADDED ENTRY--GEOGRAPHIC NAME | |
| Geographic name | Goa. |
No items available.